• 首页
  • 本馆介绍
  • 公告通知
  • 最新文献
  • 馆藏检索
  • 电子资源
  • 读者导购
  • 参考咨询
  • 我的图书馆
  • 登录
  • 详细信息显示
  • 放入我的书架
  • 预约/预借图书
  • 作者相关作品
  • 分类相关作品
  • 丛书相关作品
  • 出版社相关作品

书目信息

  • 表格格式
  • 工作单格式
  • 卡片格式
题名:
诗经选
    
 
作者: 刘逸生 主编
分册:  
出版信息: 广州   广东人民出版社  1984.4
页数: 307页
开本: 20cm
丛书名:
单 册:
中图分类: I222.2
科图分类:
主题词: 诗歌--中国 , 韵文--中国
电子资源:
ISBN:
000 00577nam0 2200205 45
001 0312221749
005 20031222170930.3
010    @dCNY1.65
100    @a20031222d1984 km y0chiy0120 ea
101    @achi
105    @a z 000yy
200 1  @a诗经选@AShi Jing Xuan@f刘逸生主编@FLiu Yi Sheng Zhu Bian
210    @a广州@c广东人民出版社@d1984.4
215    @a307页@d20cm
606 0  @a诗歌@x中国
606 0  @a韵文@x中国
690    @aI222.2@v3
701 0  @a刘逸生@4主编
801    @aCN@bTSTCL@c20031222
905    @a213230@dI222.2@e167@b109029-031@f3@b179144-146@f3@b200207-208@f2
    
    诗经选/刘逸生主编.-广州:广东人民出版社,1984.4
    307页;20cm
    
    
    ISBN :CNY1.65
    
●
相关链接 在E读中查询图书 在五车中查询图书 在当当中查询图书 在豆瓣中查询图书


正题名:诗经选     索取号:I222.2/167         预约/预借

序号 登录号 条形码 馆藏地/架位号 状态 备注
1 0109029   000971443   第二借阅区/ [索取号:I222.2/167] 在馆    
2 0109030   000971540   第二借阅区/ [索取号:I222.2/167] 在馆    
3 0109031   000971489   第一样本阅览室/ [索取号:I222.2/167] 在馆    
4 0179144   000971568   第二借阅区/ [索取号:I222.2/167] 在馆    
5 0179145   000971522   第二借阅区/ [索取号:I222.2/167] 在馆    
6 0179146   000971559   第二借阅区/ [索取号:I222.2/167] 在馆    
7 0200207   000971586   第二借阅区/ [索取号:I222.2/167] 在馆    
8 0200208   000971577   第二借阅区/ [索取号:I222.2/167] 在馆    
唐山师范学院图书馆 欢迎您!
大连网信软件有限公司© 版权所有